APEC Schools

Ethics / (Record no. 7875)

000 -LEADER
fixed length control field nam a22 7a 4500
005 - DATE AND TIME OF LATEST TRANSACTION
control field 20190829054511.0
008 - FIXED-LENGTH DATA ELEMENTS--GENERAL INFORMATION
fixed length control field 190829b xxu||||| |||| 00| 0 eng d
020 ## - IDENTIFIER FOR THE MANIFESTATION
Identifier for the Manifestation 9789712386671
Binding paperback
040 ## - CATALOGING SOURCE
Language of Cataloging eng
Transcribing Agency APEC Schools Library
Description Conventions rda
082 ## - DEWEY DECIMAL CLASSIFICATION NUMBER
Classification number F 171.1
Author's Number B87e 2018
100 ## - CREATOR
Preferred Name of the Person Bulaong, Oscar G.
245 ## - TITLE AND STATEMENT OF RESPONSIBILITY
Preferred Title Proper Ethics /
Statement of Responsibility/Parallel Statement of Responsibility Oscar G. Bulaong
264 ## - PUBLICATION STATEMENT
Place of publication, distribution, etc Manila, PH ;
Publisher's Name/Parallel Publisher's Name Rex Book Store,
Copyright ©2018.
300 ## - PHYSICAL DESCRIPTION
Extent 144 pages ;
336 ## - RDA CONTENT
Source rdacontent
Content Type text
337 ## - RDA MEDIA
Source rdamedia
Media Type unmediated
338 ## - RDA CARRIER
Source rdacarrier
Carrier Type volume
504 ## - BIBLIOGRAPHY, ETC. NOTE
Bibliography, etc Includes bibliographical references and index.
650 ## - ADDED SUBJECT ACCESS POINT - TOPICAL TERM
Topical Term Ethics.
942 ## - ADDED ENTRY ELEMENTS (KOHA)
Source of Classification
Koha Item Type Non Fiction
Holdings
Library Site Location Shelving Location Source of Acquisition Full Classification Number Accession Number Koha Item Type
APEC Bacoor Library APEC Bacoor Library Filipiniana Institutional Fund F 171.1 B87e 2018 B04-0000430 Non Fiction

Powered by Koha